EUROPEAN timber trends and prospects to the year 2000 and beyond

Bibliographic Details
Corporate Authors: Food and Agriculture Organization of the United Nations (FAO), United Nations. Economic Commission for Europe
Format: Book
Published: New York : United Nations , 1986
Subjects:

MARC

LEADER 00000cam a2200000 7i4500
001 0000002241
005 20030415.0
020 0 0 |a 9211163692 
090 0 0 |a FAO338.17498094   |b EUR 1986 
245 0 0 |a EUROPEAN timber trends and prospects to the year 2000 and beyond 
260 0 0 |a New York :   |b United Nations ,   |c 1986 
300 |a xi, 323 p. ;   |c 30 cm. 
650 0 0 |a Forest products   |z Europe 
650 0 0 |a Lumber trade   |z Europe 
710 1 1 |a Food and Agriculture Organization of the United Nations (FAO) 
710 1 1 |a United Nations. Economic Commission for Europe 
998 |a JPSM 
999 |a 0000003162   |b Monograph   |c Food and Agriculture Organization   |e Default branch